[Event "Winnipeg Woodbury Memorial"]
[Site "Winnipeg"]
[Date "2019.12.03"]
[Round "5.7"]
[White "Letain, Cory"]
[Black "Leaden, Bruce"]
[Result "0-1"]
[WhiteElo "1838"]
[BlackElo "1512"]
[PlyCount "78"]
[EventDate "2019.11.05"]
[EventType "swiss"]
[EventRounds "6"]
[EventCountry "CAN"]
[SourceTitle "EXT 2023"]
[Source "ChessBase"]
[SourceDate "2022.10.05"]
[SourceVersion "1"]
[SourceVersionDate "2022.10.05"]
[SourceQuality "1"]

1. e4 e6 2. d4 d5 3. c4 dxe4 4. Nc3 Bb4 5. Qa4+ Nc6 6. Be3 Bxc3+ 7. bxc3 Bd7 8. Qc2 f5 9. f3 Nf6 10. fxe4 Nxe4 11. Nf3 0-0 12. Bd3 Na5 13. 0-0 b6 14. d5 Nc5 15. Rad1 Ba4 16. Qe2 Bxd1 17. Rxd1 Nxd3 18. dxe6 Qe7 19. Bg5 Qc5+ 20. Nd4 Ne5 21. e7 Rfe8 22. Kh1 Nac6 23. Ne6 Qxc4 24. Qxc4 Nxc4 25. Nxc7 Rac8 26. Nxe8 Rxe8 27. Rd8 Kf7 28. Rd7 h6 29. Bh4 g5 30. Rc7 N4e5 31. Bf2 Rxe7 32. Rc8 Rd7 33. h4 Rd2 34. Be3 Rd1+ 35. Kh2 f4 36. Bd4 g4 37. Bg1 g3+ 38. Kh1 Ng4 39. Rc7+ Ne7 0-1

[Event "Manitoba-ch Seniors"]
[Site "Winnipeg"]
[Date "2019.10.15"]
[Round "3.3"]
[White "Reimer, Bruce"]
[Black "Leaden, Bruce"]
[Result "1/2-1/2"]
[WhiteElo "1545"]
[BlackElo "1500"]
[PlyCount "99"]
[EventDate "2019.10.01"]
[EventType "swiss"]
[EventRounds "5"]
[EventCountry "CAN"]
[SourceTitle "EXT 2023"]
[Source "ChessBase"]
[SourceDate "2022.10.05"]
[SourceVersion "1"]
[SourceVersionDate "2022.10.05"]
[SourceQuality "1"]

1. c4 e6 2. g3 f5 3. Bg2 Nf6 4. d4 Be7 5. Nc3 0-0 6. b3 d6 7. Bb2 e5 8. e3 e4 9. Nge2 Nc6 10. a3 a6 11. h4 Ng4 12. d5 Nce5 13. Nc1 Bd7 14. N3e2 b5 15. Bxe5 Nxe5 16. Nf4 Bf6 17. Ra2 Qe8 18. a4 bxc4 19. bxc4 Nxc4 20. 0-0 Rb8 21. Qe2 Ne5 22. Qc2 c6 23. Rd1 c5 24. Nh5 Qxh5 25. Ne2 a5 26. Nf4 Qe8 27. Bf1 Rb4 28. Rb1 Rxb1 29. Qxb1 Nf3+ 30. Kh1 Bc3 31. Qb6 Qe5 32. Bg2 g5 33. Bxf3 gxf4 34. exf4 Qxd5 35. Be2 Qxa2 36. Bf1 Qd5 37. Qa6 e3+ 38. Kh2 Bc6 39. Bc4 e2 40. Bxd5+ Bxd5 41. Qxe2 Bb4 42. Qd3 Bf7 43. Qxd6 c4 44. Qe5 Bg6 45. Qe6+ Bf7 46. Qxf5 c3 47. Qg5+ Kh8 48. Qe5+ Kg8 49. Qg5+ Kh8 50. Qe5+ 1/2-1/2

[Event "Manitoba-ch Seniors"]
[Site "Winnipeg"]
[Date "2019.10.08"]
[Round "2.4"]
[White "Leaden, Bruce"]
[Black "Magyar, Peter"]
[Result "1-0"]
[WhiteElo "1500"]
[BlackElo "1468"]
[PlyCount "55"]
[EventDate "2019.10.01"]
[EventType "swiss"]
[EventRounds "5"]
[EventCountry "CAN"]
[SourceTitle "EXT 2023"]
[Source "ChessBase"]
[SourceDate "2022.10.05"]
[SourceVersion "1"]
[SourceVersionDate "2022.10.05"]
[SourceQuality "1"]

1. f4 d5 2. Nf3 Bf5 3. b3 e6 4. Bb2 Nf6 5. Nc3 a6 6. d3 Nbd7 7. h3 h6 8. Qd2 b5 9. g4 Bh7 10. Bg2 Bc5 11. Ne5 Nb8 12. 0-0-0 c6 13. h4 Qb6 14. d4 Bxd4 15. Qxd4 c5 16. Qf2 Nbd7 17. g5 Nxe5 18. gxf6 Ng4 19. Qg3 h5 20. Rhe1 Rd8 21. Bh3 Ne3 22. Qxg7 Bg6 23. Qxh8+ Kd7 24. Rxd5+ Nxd5 25. Nxd5 Qd6 26. Qh6 Qb8 27. Be5 Qa8 28. Nb6+ 1-0

[Event "Manitoba-ch Seniors"]
[Site "Winnipeg"]
[Date "2019.10.01"]
[Round "1.3"]
[White "Annakkage, Udaya"]
[Black "Leaden, Bruce"]
[Result "1-0"]
[WhiteElo "1818"]
[BlackElo "1500"]
[PlyCount "71"]
[EventDate "2019.10.01"]
[EventType "swiss"]
[EventRounds "5"]
[EventCountry "CAN"]
[SourceTitle "EXT 2023"]
[Source "ChessBase"]
[SourceDate "2022.10.05"]
[SourceVersion "1"]
[SourceVersionDate "2022.10.05"]
[SourceQuality "1"]

1. e4 e6 2. d4 d5 3. Nd2 Nf6 4. e5 Nfd7 5. Bd3 c5 6. c3 Nc6 7. Ne2 Qb6 8. Nf3 Be7 9. 0-0 f6 10. exf6 Nxf6 11. Qc2 c4 12. Bxc4 dxc4 13. Re1 0-0 14. Nf4 Bd7 15. Nxe6 Bxe6 16. Rxe6 Rae8 17. Ng5 h6 18. Rxf6 hxg5 19. Rg6 Bf6 20. Bxg5 Ne7 21. Bxf6 Nxg6 22. Bg5 Qe6 23. h3 Qe2 24. Qxg6 Qxf2+ 25. Kh2 Re2 26. Bh6 Rf7 27. Bc1 Qf6 28. Qg3 Qe7 29. Bf4 Qe4 30. Be5 Ref2 31. b3 Qd3 32. bxc4 Qxc4 33. a3 Rc2 34. Qg5 Rd7 35. Qg6 Qf7 36. Qxc2 1-0

[Event "Winnipeg TNT May op"]
[Site "Winnipeg"]
[Date "2019.05.14"]
[Round "2.8"]
[White "Lotecki, Ryan"]
[Black "Leaden, Bruce"]
[Result "0-1"]
[WhiteElo "1287"]
[BlackElo "1489"]
[PlyCount "94"]
[EventDate "2019.05.07"]
[EventType "swiss"]
[EventRounds "4"]
[EventCountry "CAN"]
[SourceTitle "EXT 2022"]
[Source "ChessBase"]
[SourceDate "2021.10.06"]
[SourceVersion "1"]
[SourceVersionDate "2021.10.06"]
[SourceQuality "1"]

1. c4 b6 2. Nc3 Bb7 3. d4 e6 4. d5 Bc5 5. Nf3 Nf6 6. Bg5 h6 7. Bh4 g5 8. Bg3 g4 9. Nd4 exd5 10. cxd5 Nxd5 11. Nxd5 Bxd5 12. Nb3 Bb4+ 13. Nd2 h5 14. a3 Be7 15. h4 gxh3 16. Rxh3 h4 17. Nf3 Be6 18. Rh1 Bf6 19. Qd2 hxg3 20. Rxh8+ Bxh8 21. fxg3 Qf6 22. Rb1 Nc6 23. b4 Qc3 24. a4 Ba2 25. Rc1 Qxb4 26. Qxb4 Nxb4 27. Rxc7 Nd5 28. Rc2 Bb3 29. Rc1 Bxa4 30. Kf2 Bc6 31. e3 a5 32. Bd3 Bg7 33. Rh1 Nf6 34. Nd4 Ng4+ 35. Kg1 Bxd4 36. exd4 0-0-0 37. Bf5 Ne3 38. Bd3 Bxg2 39. Rh7 Bd5 40. Kf2 Nc4 41. g4 a4 42. Rh5 Be6 43. Be2 a3 44. d5 a2 45. Rh1 Bxd5 46. g5 Kc7 47. Bh5 Bxh1 0-1

[Event "Winnipeg Divinsky Memorial"]
[Site "Winnipeg"]
[Date "2019.04.09"]
[Round "2.6"]
[White "Leaden, Bruce"]
[Black "Green, Jim"]
[Result "0-1"]
[WhiteElo "1481"]
[BlackElo "1871"]
[PlyCount "44"]
[EventDate "2019.04.02"]
[EventType "swiss"]
[EventRounds "4"]
[EventCountry "CAN"]
[SourceTitle "EXT 2022"]
[Source "ChessBase"]
[SourceDate "2021.10.06"]
[SourceVersion "1"]
[SourceVersionDate "2021.10.06"]
[SourceQuality "1"]

1. f4 d5 2. Nf3 Bg4 3. h3 Bxf3 4. exf3 e6 5. Qe2 Nc6 6. d3 Qh4+ 7. Qf2 Qxf2+ 8. Kxf2 Nd4 9. Nc3 Nxc2 10. Rb1 Bc5+ 11. Kg3 Nd4 12. b4 Bb6 13. Kh2 Ne7 14. Na4 Nef5 15. Nxb6 axb6 16. Rb2 0-0 17. Be2 Ra7 18. g4 Nxe2 19. Rxe2 Nd4 20. Rf2 Rfa8 21. a3 Nb5 22. Rc2 c6 0-1

[Event "Winnipeg TNT March op"]
[Site "Winnipeg"]
[Date "2019.03.26"]
[Round "4.9"]
[White "Leaden, Bruce"]
[Black "Lotecki, Ryan"]
[Result "1-0"]
[WhiteElo "1484"]
[BlackElo "1373"]
[PlyCount "45"]
[EventDate "2019.03.05"]
[EventType "swiss"]
[EventRounds "4"]
[EventCountry "CAN"]
[SourceTitle "EXT 2022"]
[Source "ChessBase"]
[SourceDate "2021.10.06"]
[SourceVersion "1"]
[SourceVersionDate "2021.10.06"]
[SourceQuality "1"]

1. e4 c5 2. Nc3 Nc6 3. f4 e6 4. Nf3 Be7 5. Bb5 d5 6. exd5 exd5 7. 0-0 Nf6 8. d3 0-0 9. Bxc6 bxc6 10. b3 d4 11. Ne4 Re8 12. Ne5 Qd5 13. Qf3 Nxe4 14. dxe4 Qe6 15. Nc4 Ba6 16. f5 Qd7 17. e5 f6 18. e6 Qd5 19. Qg4 Kh8 20. Rf3 Rg8 21. Rh3 g5 22. fxg6 Rxg6 23. Qxg6 1-0

[Event "Winnipeg TNT March op"]
[Site "Winnipeg"]
[Date "2019.03.12"]
[Round "3.9"]
[White "Letain, Cory"]
[Black "Leaden, Bruce"]
[Result "1/2-1/2"]
[WhiteElo "1678"]
[BlackElo "1484"]
[PlyCount "156"]
[EventDate "2019.03.05"]
[EventType "swiss"]
[EventRounds "4"]
[EventCountry "CAN"]
[SourceTitle "EXT 2022"]
[Source "ChessBase"]
[SourceDate "2021.10.06"]
[SourceVersion "1"]
[SourceVersionDate "2021.10.06"]
[SourceQuality "1"]

1. e4 e6 2. d4 d5 3. exd5 exd5 4. Nf3 Nf6 5. c4 Be7 6. Bd3 dxc4 7. Bxc4 0-0 8. 0-0 Bg4 9. Bg5 Nc6 10. Nc3 Bxf3 11. Qxf3 Qxd4 12. Bb3 h6 13. Rad1 Qb6 14. Be3 Qb4 15. Qg3 Bd6 16. Qf3 Qg4 17. Qxg4 Nxg4 18. h3 Nxe3 19. fxe3 g6 20. Rf6 Kg7 21. Rdf1 Ne5 22. Ne4 Be7 23. R6f4 f5 24. Nc3 Bg5 25. Rb4 Bxe3+ 26. Kh1 Bb6 27. Bd5 c6 28. Bc4 Nxc4 29. Rxc4 Rad8 30. Rb4 Rd4 31. Rb3 Rfd8 32. a4 R8d7 33. Re1 Ba5 34. Re8 Bxc3 35. bxc3 Rxa4 36. Rb8 b6 37. Rb2 Ra1+ 38. Kh2 Rad1 39. Re2 Kf6 40. Rbe8 R1d6 41. h4 Rb7 42. g4 fxg4 43. Rf2+ Kg7 44. Rff8 Rf7 45. Rg8+ Kf6 46. h5 gxh5 47. Kg3 Rg7 48. Rgf8+ Kg6 49. Re5 Rf6 50. Rfe8 Rf5 51. R8e6+ Kg5 52. Rxf5+ Kxf5 53. Rxh6 Kg5 54. Rxc6 h4+ 55. Kg2 Rh7 56. Rc4 h3+ 57. Kh2 Rf7 58. Kg3 a5 59. Rxg4+ Kf5 60. Kxh3 Ra7 61. Ra4 b5 62. Ra1 Ke4 63. Rb1 Rb7 64. Rd1 a4 65. Rd4+ Ke3 66. Rb4 a3 67. Rb3 a2 68. Ra3 Kd3 69. Kg3 Kc2 70. Rxa2+ Kxc3 71. Kf3 b4 72. Re2 b3 73. Re3+ Kb2 74. Ke4 Ka2 75. Kd3 b2 76. Re2 Ka1 77. Re1+ b1Q+ 78. Rxb1+ Rxb1 1/2-1/2

[Event "Winnipeg Woodbury Memorial"]
[Site "Winnipeg"]
[Date "2018.12.04"]
[Round "5.12"]
[White "Leaden, Bruce"]
[Black "Flynn, Darren"]
[Result "1-0"]
[WhiteElo "1519"]
[BlackElo "1352"]
[PlyCount "103"]
[EventDate "2018.11.06"]
[EventType "swiss"]
[EventRounds "7"]
[EventCountry "CAN"]
[SourceTitle "EXT 2022"]
[Source "ChessBase"]
[SourceDate "2021.10.06"]
[SourceVersion "1"]
[SourceVersionDate "2021.10.06"]
[SourceQuality "1"]

1. f4 d5 2. Nf3 e6 3. g3 b6 4. Bg2 Bb7 5. 0-0 Bc5+ 6. e3 Ne7 7. d4 Bd6 8. Nc3 c5 9. Nb5 0-0 10. Nxd6 Qxd6 11. b3 b5 12. Bb2 Nf5 13. Re1 c4 14. bxc4 bxc4 15. Qc1 Qc7 16. c3 Nd7 17. Qc2 Nf6 18. Ne5 Nd6 19. Ba3 Rfd8 20. Bxd6 Qxd6 21. Rab1 Rab8 22. Qa4 Qa6 23. Rb4 Qxa4 24. Rxa4 a6 25. Rb1 h6 26. Nxc4 Ne4 27. Bxe4 dxe4 28. Rab4 Rd7 29. Na5 Rc8 30. Rxb7 Rxb7 31. Nxb7 Rxc3 32. Re1 Ra3 33. Re2 Kf8 34. Nd6 Ke7 35. Nxe4 f5 36. Nc5 Kd6 37. Kf2 a5 38. Kf3 Kd5 39. g4 g6 40. h4 h5 41. gxh5 gxh5 42. Nd7 Kd6 43. Nf6 Ke7 44. Nxh5 Kf7 45. Rh2 Kg6 46. Ng3 Kh6 47. Rd2 a4 48. Ke2 Rc3 49. d5 exd5 50. Nxf5+ Kh5 51. Rxd5 Rc2+ 52. Rd2 1-0

[Event "Winnipeg op"]
[Site "Winnipeg"]
[Date "2018.07.03"]
[Round "5"]
[White "Magyar, Peter"]
[Black "Leaden, Bruce"]
[Result "0-1"]
[WhiteElo "1487"]
[BlackElo "1564"]
[PlyCount "26"]
[EventDate "2018.06.05"]
[EventType "swiss"]
[EventRounds "8"]
[EventCountry "CAN"]
[SourceTitle "EXT 2022"]
[Source "ChessBase"]
[SourceDate "2021.10.06"]
[SourceVersion "1"]
[SourceVersionDate "2021.10.06"]
[SourceQuality "1"]

1. d4 Nf6 2. Bf4 d5 3. e3 e6 4. Be2 b6 5. c3 Bd6 6. Bg3 Ne4 7. Be5 Bxe5 8. dxe5 Qg5 9. Qd4 Qxg2 10. Bf3 Qxf2+ 11. Kd1 c5 12. Qa4+ Bd7 13. Qc2 Qf1# 0-1

[Event "Winnipeg TNT May op"]
[Site "Winnipeg"]
[Date "2018.05.15"]
[Round "3"]
[White "Leaden, Bruce"]
[Black "Furda, Evheniya Diana"]
[Result "1/2-1/2"]
[WhiteElo "1566"]
[BlackElo "1528"]
[PlyCount "49"]
[EventDate "2018.05.01"]
[EventType "swiss"]
[EventRounds "5"]
[EventCountry "CAN"]
[SourceTitle "EXT 2022"]
[Source "ChessBase"]
[SourceDate "2021.10.06"]
[SourceVersion "1"]
[SourceVersionDate "2021.10.06"]
[SourceQuality "1"]

1. f4 Nf6 2. Nf3 Nc6 3. g3 d6 4. Bg2 Bf5 5. d3 d5 6. 0-0 Qd7 7. a3 h5 8. Ne5 Nxe5 9. fxe5 Ng4 10. d4 Be6 11. Bf4 0-0-0 12. Nd2 Rg8 13. Bg5 f6 14. exf6 exf6 15. h3 fxg5 16. hxg4 Bxg4 17. Nf3 Bd6 18. Ne5 Bxe5 19. dxe5 Qe6 20. Qd4 Rge8 21. Bf3 Bxf3 22. exf3 Qxe5 23. Qxe5 Rxe5 24. Rae1 Rde8 25. Kf2 1/2-1/2

[Event "Winnipeg TNT April op"]
[Site "Winnipeg"]
[Date "2018.04.24"]
[Round "4"]
[White "Remillard, John"]
[Black "Leaden, Bruce"]
[Result "0-1"]
[WhiteElo "1631"]
[BlackElo "1548"]
[PlyCount "74"]
[EventDate "2018.04.03"]
[EventType "swiss"]
[EventRounds "4"]
[EventCountry "CAN"]
[SourceTitle "EXT 2022"]
[Source "ChessBase"]
[SourceDate "2021.10.06"]
[SourceVersion "1"]
[SourceVersionDate "2021.10.06"]
[SourceQuality "1"]

1. Nf3 e6 2. d4 f5 3. b3 Nf6 4. Bb2 Be7 5. e3 0-0 6. Bd3 b6 7. Nbd2 Bb7 8. c4 Ne4 9. a3 Bf6 10. Qc2 Ng5 11. 0-0-0 c5 12. Nxg5 Bxg5 13. f4 Bf6 14. Nf3 Nc6 15. Rhg1 cxd4 16. e4 fxe4 17. Bxe4 h6 18. Bxc6 Bxc6 19. Nxd4 Bxd4 20. Rxd4 d5 21. g4 Qd6 22. g5 h5 23. Qg6 Be8 24. Qd3 Rf5 25. cxd5 Qc5+ 26. Kd2 Rxf4 27. Rc1 Qf8 28. Rc7 Rf2+ 29. Kc1 Rf1+ 30. Kc2 Rf3 31. Rxg7+ Qxg7 32. Qxf3 Bg6+ 33. Kc1 Rf8 34. Rf4 Qc7+ 35. Rc4 Qxc4+ 36. bxc4 Rxf3 37. dxe6 Kf8 0-1

[Event "Winnipeg TNT February op"]
[Site "Winnipeg"]
[Date "2018.02.20"]
[Round "3.6"]
[White "Leaden, Bruce"]
[Black "Myrzaibraimov, Azamat"]
[Result "1-0"]
[WhiteElo "1527"]
[BlackElo "1478"]
[PlyCount "152"]
[EventDate "2018.02.06"]
[EventType "swiss"]
[EventRounds "4"]
[EventCountry "CAN"]
[SourceTitle "EXT 2022"]
[Source "ChessBase"]
[SourceDate "2021.10.06"]
[SourceVersion "1"]
[SourceVersionDate "2021.10.06"]
[SourceQuality "1"]

1. e4 d5 2. exd5 Qxd5 3. Nc3 Qa5 4. Bc4 Nf6 5. d3 Nc6 6. Bd2 Qe5+ 7. Qe2 e6 8. Bb5 Qxe2+ 9. Ngxe2 Bd7 10. 0-0 Bd6 11. Ne4 Nxe4 12. dxe4 Be5 13. Nc3 0-0-0 14. Rfd1 Nd4 15. Bd3 a6 16. f4 Bd6 17. Kh1 e5 18. f5 f6 19. Nd5 Bc6 20. c3 Bxd5 21. cxd4 Bc6 22. d5 Be8 23. Rac1 Bh5 24. Re1 g6 25. Rf1 Rdf8 26. a3 gxf5 27. exf5 Bf7 28. Be4 Rhg8 29. Bh6 Rd8 30. Rf3 Rg4 31. Re3 Rdg8 32. Re2 Rd8 33. b4 Be8 34. Rc3 Bb5 35. Re1 Rh4 36. Bd2 Rg4 37. h3 Rgg8 38. Bh6 Bf8 39. Bxf8 Rgxf8 40. Rg3 h5 41. h4 Rd6 42. Rc1 Be2 43. Rg7 Rd7 44. Rxd7 Kxd7 45. Rc2 Bg4 46. a4 Kd6 47. Rc3 Rc8 48. Kg1 c6 49. dxc6 bxc6 50. b5 axb5 51. axb5 c5 52. b6 Rb8 53. Rd3+ Ke7 54. b7 Be2 55. Ra3 Kd7 56. Kf2 Bb5 57. Ra8 Kc7 58. Ke3 c4 59. Kd2 Be8 60. Kc3 Bf7 61. Ra5 Kb6 62. Ra8 Kc7 63. Ra6 Rxb7 64. Bxb7 Kxb7 65. Rxf6 Bd5 66. g3 e4 67. Rd6 Bg8 68. Rd1 Kc6 69. Rg1 Bd5 70. f6 Be6 71. Rf1 Bf7 72. Kd4 e3 73. Kxe3 Kc5 74. Kd2 Bg6 75. Kc1 Bf7 76. Rf4 Kb4 1-0

[Event "Winnipeg Rosenbloom Memorial"]
[Site "Winnipeg"]
[Date "2017.11.28"]
[Round "4"]
[White "Einarsson, Ken"]
[Black "Leaden, Bruce"]
[Result "1-0"]
[WhiteElo "1786"]
[BlackElo "1539"]
[PlyCount "113"]
[EventDate "2017.11.07"]
[EventType "swiss"]
[EventRounds "7"]
[EventCountry "CAN"]
[SourceTitle "EXT 2022"]
[Source "ChessBase"]
[SourceDate "2021.10.06"]
[SourceVersion "1"]
[SourceVersionDate "2021.10.06"]
[SourceQuality "1"]

1. d4 e6 2. c4 f5 3. Nc3 Nf6 4. Nf3 Bb4 5. Bd2 0-0 6. e3 d6 7. a3 Bxc3 8. Bxc3 a5 9. Bd3 Ne4 10. Qc2 Nxc3 11. Qxc3 b6 12. 0-0 Bb7 13. Be2 Nd7 14. b4 Nf6 15. Nd2 Ne4 16. Nxe4 Bxe4 17. c5 f4 18. f3 Bg6 19. e4 axb4 20. axb4 Rxa1 21. Rxa1 bxc5 22. bxc5 Kh8 23. Ra7 d5 24. exd5 exd5 25. Qa5 Re8 26. Bb5 Qe7 27. Qd2 Rb8 28. Qe2 Qxe2 29. Bxe2 c6 30. Rc7 Be8 31. g3 fxg3 32. hxg3 Kg8 33. Kf2 Rb3 34. g4 h6 35. Re7 Kf8 36. Re3 Rb2 37. Kg3 Rd2 38. Bd3 Bd7 39. Kf4 g5+ 40. Ke5 Ke7 41. Bf5 Be8 42. Bc8 Bg6 43. Bb7 Be8 44. Kf5+ Kf7 45. Ke5 Ke7 46. Ba6 Bd7 47. Bd3 Be8 48. Bf5 Bf7 49. f4 Rf2 50. fxg5 hxg5 51. Bc8 Be8 52. Rh3 Bg6 53. Re3 Rf4 54. Bf5 Be8 55. Rh3 Rf2 56. Rh7+ Bf7 57. Bg6 1-0

[Event "Winnipeg TNT May op"]
[Site "Winnipeg"]
[Date "2017.05.16"]
[Round "3"]
[White "Stark, Jamie"]
[Black "Leaden, Bruce"]
[Result "0-1"]
[WhiteElo "1228"]
[BlackElo "1428"]
[PlyCount "22"]
[EventDate "2017.05.02"]
[EventType "swiss"]
[EventRounds "5"]
[EventCountry "CAN"]
[SourceTitle "EXT 2022"]
[Source "ChessBase"]
[SourceDate "2021.10.06"]
[SourceVersion "1"]
[SourceVersionDate "2021.10.06"]
[SourceQuality "1"]

1. e4 e6 2. d4 d5 3. Nc3 c5 4. dxc5 d4 5. Nb5 e5 6. Nf3 Nc6 7. c3 Bxc5 8. cxd4 exd4 9. Nh4 a6 10. Nxd4 Qxh4 11. Nxc6 Qxf2# 0-1

[Event "Winnipeg TNT March op"]
[Site "Winnipeg"]
[Date "2017.03.28"]
[Round "4.4"]
[White "Trueman, Francis"]
[Black "Leaden, Bruce"]
[Result "1/2-1/2"]
[WhiteElo "1434"]
[BlackElo "1440"]
[PlyCount "65"]
[EventDate "2017.03.07"]
[EventType "swiss"]
[EventRounds "4"]
[EventCountry "CAN"]
[SourceTitle "EXT 2022"]
[Source "ChessBase"]
[SourceDate "2021.10.06"]
[SourceVersion "1"]
[SourceVersionDate "2021.10.06"]
[SourceQuality "1"]

1. Nf3 e6 2. d3 b6 3. Nbd2 Bb7 4. e4 d5 5. g3 c5 6. c3 Nc6 7. Bg2 Bd6 8. 0-0 Nge7 9. Re1 0-0 10. e5 Bc7 11. Nf1 d4 12. c4 Ng6 13. Bf4 Nxf4 14. gxf4 Ne7 15. Nh4 Bxg2 16. Nxg2 Qd7 17. Ng3 f6 18. exf6 Rxf6 19. Ne4 Rg6 20. Qf3 Rf8 21. Kh1 Nf5 22. h4 e5 23. Qh3 Ng3+ 24. Kh2 Qxh3+ 25. Kxh3 Nxe4 26. Rxe4 exf4 27. h5 Rc6 28. f3 Bb8 29. Rae1 Rcc8 30. Kg4 h6 31. Nh4 Rf6 32. Ng6 Bd6 33. R1e2 1/2-1/2

[Event "Winnipeg TNT October op"]
[Site "Winnipeg"]
[Date "2016.10.11"]
[Round "2"]
[White "Letain, Cory"]
[Black "Leaden, Bruce"]
[Result "1/2-1/2"]
[WhiteElo "1740"]
[BlackElo "1399"]
[PlyCount "118"]
[EventDate "2016.10.04"]
[EventType "swiss"]
[EventRounds "4"]
[EventCountry "CAN"]
[SourceTitle "EXT 2022"]
[Source "ChessBase"]
[SourceDate "2021.10.06"]
[SourceVersion "1"]
[SourceVersionDate "2021.10.06"]
[SourceQuality "1"]

1. d4 e6 2. e4 d5 3. exd5 exd5 4. Nf3 Bd6 5. c4 Nf6 6. Nc3 0-0 7. cxd5 Bb4 8. Bd3 Re8+ 9. Be3 Nxd5 10. 0-0 Nxe3 11. fxe3 Bg4 12. Qc2 h6 13. Bh7+ Kf8 14. Ne5 Rxe5 15. dxe5 Qg5 16. Nd5 Nc6 17. Rxf7+ Kxf7 18. Rf1+ Ke8 19. Bg6+ Kd7 20. Rf7+ Ke6 21. Nxc7+ Kxe5 22. Qe4+ Kd6 23. Qd3+ Kc5 24. Qb5+ Kd6 25. Qxg5 hxg5 26. Nxa8 Ne5 27. Rxg7 Bd2 28. Kf2 Be6 29. Bh5 Bc1 30. Rxb7 Bxb2 31. Rxa7 Nd3+ 32. Kf1 Nc5 33. Be2 Bc1 34. Nc7 Bxe3 35. Nxe6 Nxe6 36. Ra6+ Ke5 37. Rxe6+ Kxe6 38. Bc4+ Ke5 39. Ke2 Kd4 40. a4 Bf4 41. g3 Bc7 42. Bb5 Ke4 43. Bc6+ Ke5 44. Kf3 Kf6 45. Kg4 Ba5 46. h3 Bd8 47. Kh5 Kg7 48. a5 Bxa5 49. Kxg5 Bd2+ 50. Kf5 Kh6 51. Be8 Bg5 52. Kg4 Bd8 53. h4 Bc7 54. h5 Bxg3 55. Kxg3 Kg7 56. Kg4 Kg8 57. Kf5 Kg7 58. Kg5 Kh8 59. Kg6 Kg8 1/2-1/2

[Event "Canadian op U1600"]
[Site "Windsor"]
[Date "2016.07.13"]
[Round "4.49"]
[White "Leaden, Bruce"]
[Black "Wang, Kevin"]
[Result "1/2-1/2"]
[WhiteElo "1509"]
[BlackElo "1019"]
[PlyCount "66"]
[EventDate "2016.07.10"]
[EventType "swiss"]
[EventRounds "9"]
[EventCountry "CAN"]
[SourceTitle "EXT 2022"]
[Source "ChessBase"]
[SourceDate "2021.10.06"]
[SourceVersion "1"]
[SourceVersionDate "2021.10.06"]
[SourceQuality "1"]

1. e4 c5 2. c4 Nc6 3. Nc3 g6 4. b3 Bg7 5. Bb2 Nf6 6. Rb1 d6 7. Nd5 Ne5 8. Bxe5 dxe5 9. Nxf6+ exf6 10. Ne2 f5 11. Nc3 0-0 12. d3 Qa5 13. Qc2 fxe4 14. dxe4 f5 15. Bd3 fxe4 16. Bxe4 Rb8 17. 0-0 Qd8 18. Bd5+ Kh8 19. Ne4 Bf5 20. Rbd1 Qe7 21. f3 Bh6 22. Qb2 Be3+ 23. Nf2 Bd4 24. Qd2 b6 25. Kh1 Rbd8 26. a3 a5 27. Bc6 Qh4 28. Ne4 Bg1 29. g3 Rxd2 30. gxh4 Rxd1 31. Rxd1 Bd4 32. Bd5 Bxe4 33. Bxe4 Bf2 1/2-1/2

[Event "Canadian op U1600"]
[Site "Windsor"]
[Date "2016.07.12"]
[Round "3.49"]
[White "Gaur, Shivan"]
[Black "Leaden, Bruce"]
[Result "1/2-1/2"]
[WhiteElo "1267"]
[BlackElo "1509"]
[PlyCount "169"]
[EventDate "2016.07.10"]
[EventType "swiss"]
[EventRounds "9"]
[EventCountry "CAN"]
[SourceTitle "EXT 2022"]
[Source "ChessBase"]
[SourceDate "2021.10.06"]
[SourceVersion "1"]
[SourceVersionDate "2021.10.06"]
[SourceQuality "1"]

1. d4 e6 2. c4 f5 3. g3 Nf6 4. Bg2 d5 5. Nf3 Bd6 6. 0-0 0-0 7. Ne5 c6 8. Bg5 Nbd7 9. f4 Be7 10. Nd2 Nxe5 11. fxe5 Ng4 12. Bxe7 Qxe7 13. Qb3 h5 14. h3 Nh6 15. Nf3 b6 16. cxd5 cxd5 17. Qe3 f4 18. gxf4 Nf5 19. Qd2 Ng3 20. Rfe1 h4 21. e3 Ne4 22. Qd3 Rf5 23. Nd2 Ng3 24. Nf3 Bd7 25. Rac1 Be8 26. Ng5 Bg6 27. Qd2 Rff8 28. Rc6 Bf5 29. Rec1 Ne4 30. Nxe4 dxe4 31. Kh2 Rad8 32. Rc7 Rd7 33. R7c6 g5 34. Rg1 Kh7 35. fxg5 Rg8 36. Rcc1 Rxg5 37. Qc2 Rg3 38. Qd2 Qg5 39. Rce1 Rg7 40. Ref1 Bxh3 41. Bxe4+ Bf5 42. Bxf5+ exf5 43. Qe1 Qg4 44. Rxg3 hxg3+ 45. Kg2 Qe4+ 46. Kg1 Qh4 47. Kg2 Qh2+ 48. Kf3 g2 49. Rg1 Qh3+ 50. Ke2 Qg4+ 51. Kd2 Qe4 52. Qf2 Rc7 53. Rc1 Rg7 54. Rg1 Rg4 55. a3 Kg7 56. Qe2 Kh6 57. Qf2 Kg5 58. b4 Qd5 59. Ke1 a5 60. Ke2 Qa2+ 61. Ke1 Qb1+ 62. Ke2 Qc2+ 63. Ke1 Qc1+ 64. Ke2 Qxa3 65. bxa5 Qb2+ 66. Ke1 Qxf2+ 67. Kxf2 bxa5 68. Ke2 Kh4 69. e6 Kh3 70. e7 Re4 71. Kf3 Rxe7 72. Rxg2 Kh4 73. Ra2 Ra7 74. Kf4 Kh5 75. Kxf5 Kh6 76. d5 Kg7 77. d6 Kf7 78. Ke5 a4 79. Ra3 Ra5+ 80. Kd4 Ke6 81. Kc4 Kxd6 82. e4 Ke6 83. Kd3 Ke7 84. Kc4 Ke6 85. Kd4 1/2-1/2

[Event "Canadian op U1600"]
[Site "Windsor"]
[Date "2016.07.11"]
[Round "2.47"]
[White "Leaden, Bruce"]
[Black "Belanger, Robin"]
[Result "0-1"]
[WhiteElo "1509"]
[BlackElo "1452"]
[PlyCount "74"]
[EventDate "2016.07.10"]
[EventType "swiss"]
[EventRounds "9"]
[EventCountry "CAN"]
[SourceTitle "EXT 2022"]
[Source "ChessBase"]
[SourceDate "2021.10.06"]
[SourceVersion "1"]
[SourceVersionDate "2021.10.06"]
[SourceQuality "1"]

1. e4 g6 2. Nc3 Bg7 3. d4 d6 4. Nf3 Nf6 5. h3 0-0 6. Bd3 Nc6 7. 0-0 e5 8. Ne2 exd4 9. Nexd4 Nb4 10. Bd2 a5 11. a3 Nxd3 12. cxd3 a4 13. Rc1 c5 14. Ne2 Be6 15. Be3 Bb3 16. Qd2 Re8 17. e5 dxe5 18. Rxc5 e4 19. Ne1 exd3 20. Nc3 Ne4 21. Nxe4 Rxe4 22. Qxd3 Qe7 23. Rc3 Rd8 24. Rxb3 Rxd3 25. Rxd3 Bxb2 26. Nc2 Qc7 27. Nb4 Qc4 28. Rfd1 Bxa3 29. Rd8+ Kg7 30. Bd4+ Kh6 31. Be3+ Rxe3 32. fxe3 Qxb4 33. R8d7 Qe4 34. Rxf7 Qxe3+ 35. Kh2 Bc5 36. Rf3 Qe5+ 37. Kh1 Bd6 0-1